NRL 300 Games Club - Statistics

General Stats
  • This quiz has been taken 34 times
  • The average score is 17 of 49
Answer Stats
Games Answer % Correct
430 Cameron Smith
100%
319 Billy Slater
86%
372 Cooper Cronk
86%
323 Johnathan Thurston
86%
305 Daly Cherry-Evans
75%
355 Darren Lockyer
64%
348 Paul Gallen
64%
346 Benji Marshall
54%
324 Luke Lewis
50%
336 Brad Fittler
46%
349 Steve Menzies
46%
347 Corey Parker
43%
337 Darius Boyd
43%
330 Nathan Hindmarsh
43%
303 Robbie Farah
43%
332 Cliff Lyons
39%
318 Jason Croker
39%
304 Sam Thaiday
39%
317 Hazem El Masri
36%
307 Jarrod Croker
36%
312 Ben Hunt
32%
338 Chris Heighington
32%
316 Jesse Bromwich
32%
300 John Morris
32%
325 Josh Morris
32%
350 Terry Lamb
29%
302 Anthony Minichiello
25%
323 Gavin Cooper
25%
307 James Tamou
25%
336 John Sutton
25%
309 Petero Civoniceva
25%
328 Andrew Ettingshausen
21%
301 Luke Ricketson
21%
313 Steve Price
21%
325 Geoff Gerard
18%
306 Mitchell Aubusson
18%
300 Scott Prince
18%
301 Simon Mannering
18%
309 Mitchell Pearce
14%
325 Ryan Hoffman
14%
331 Adam Blair
11%
309 Andrew McCullough
11%
303 Anthony Watmough
11%
307 Brett Kimmorley
11%
315 Paul Langmack
11%
311 Ruben Wiki
11%
317 Aiden Tolman
7%
313 Brent Kite
4%
315 Luke Priddis
4%
No matching quizzes found
Score Distribution
Percent of People with Each Score
Percentile by Number Answered
Your Score History
You have not taken this quiz